000 00305nam a22001337a 4500
008 180827b xxu||||| |||| 00| 0 eng d
020 _a9780077221416
041 _aeng
080 _a575
100 _a5
101 _aBIO
245 _aGENERAL ORGANIC AND BIOCHEMISTRY
_cDENNISION.K
942 _2udc
_cBK
999 _c47334
_d47334